Survey research methods / (Record no. 3541)

MARC details
000 -LEADER
fixed length control field 00626nam a22002172 4500
001 - CONTROL NUMBER
control field 0000012090
005 - DATE AND TIME OF LATEST TRANSACTION
control field 20151217145854.0
008 - FIXED-LENGTH DATA ELEMENTS--GENERAL INFORMATION
fixed length control field 090202s xx 000 0 eng d
020 ## - INTERNATIONAL STANDARD BOOK NUMBER
International Standard Book Number 0534126723 :
040 ## - CATALOGING SOURCE
Original cataloging agency KABU
Transcribing agency KABU
100 1# - MAIN ENTRY--PERSONAL NAME
Personal name Babbie, Earl.
-- 0000149844
245 10 - TITLE STATEMENT
Title Survey research methods /
Statement of responsibility, etc. Earl Babbie.
250 ## - EDITION STATEMENT
Edition statement 2nd ed.
260 ## - PUBLICATION, DISTRIBUTION, ETC. (IMPRINT)
Place of publication, distribution, etc. Belmont, CA. :
Name of publisher, distributor, etc. Wadsworth,
Date of publication, distribution, etc. 1990.
300 ## - PHYSICAL DESCRIPTION
Extent xx, 395 p.
650 #0 - SUBJECT ADDED ENTRY--TOPICAL TERM
Topical term or geographic name as entry element Social sciences
General subdivision Research.
-- 0000148151
650 #0 - SUBJECT ADDED ENTRY--TOPICAL TERM
Topical term or geographic name as entry element Social surveys.
-- 0000152836
852 1# - LOCATION
-- p5648.87 KES
908 ## - PUT COMMAND PARAMETER (RLIN)
Put command parameter 090202
950 ## - LOCAL HOLDINGS (RLIN)
-- 1
Holdings
Withdrawn status Lost status Source of classification or shelving scheme Not for loan Home library Current library Date acquired Total Checkouts Total Renewals Full call number Barcode Date last seen Date last checked out Price effective from Koha item type
    Library of Congress Classification   Kabarak, Main Campus Kabarak, Main Campus 17/12/2015 4 2 H62 .B33 1990 c. 1 16453 10/05/2025 30/04/2025 17/12/2015 General Collection
    Library of Congress Classification   Kabarak, Main Campus Kabarak, Main Campus 17/12/2015 1   H62 .B33 1990 c. 2 16454 02/08/2024 31/01/2019 17/12/2015 General Collection
Designed with assistance from East African Informatics Ltd